000 00385nam a22001457a 4500
020 _qPB.
040 _cFIZZA ISHAQ
082 _a378.1662
_bJAY
100 _aJay , Meg.
_9134041
245 _aCracking the GRE Psychology Subject Test /
_c Meg Jay.
250 _a8th ED.
260 _aNew YORK:
_b Princeton Review,
_c2010.
300 _a238 P. ;
_c7.5 X 10.7 inches
942 _2ddc
_cBK
999 _c616968
_d616968